000 05479njm0a2200541 4500
001 RU\NLR\ONIZ\265778
005 20250708193358.0
035 _a(NLR Aleph) 012765897
071 0 0 _aД-012493-4
090 _a13284480
_c13284480
100 _a20220411g19 |||y0rusy50 ca
102 _aRU
126 _aabaxdxu ux
_bxxx
127 _a000030
200 1 _a[Поёт] Галина Вишневская
_bЗвукозапись
203 _aМузыка
_bисполнительская
_cаудио
210 _aЛенинград
_cАккорд
_d[19--]
215 _a1 грп. [ГОСТ 5289-56] (30 мин) : 33 об/мин, моно
_d25 см, в конв
327 1 _a1. Две арии Марфы : из оперы "Царская невеста", д. 2, 4 / Н. Римский-Корсаков.
_a2. Колыбельная Марии : из оперы "Мазепа", д. 3 / П. Чайковский ;
_a3. Ариозо Кумы : из оперы "Чародейка", д. 4 / П. Чайковский.
_a4. Ариозо Наташи : из оперы "Опричник", д. 1.
_a5. Ариозо Иоланты : из оперы "Иоланта" / П. Чайковский ;
_a6. Два ариозо Лизы : из оперы "Пиковая дама", д. 1, 3 / П. Чайковский ;
_a7. Ария Иоанны : из оперы "Орлеанская дева", д. 1 / П. Чайковский ; сопровождает : Оркестр Большого театра СССР, дирижёры Б. Хайкин (1-5, 7), А. Мелик-Пашаев (6)
464 0 _12001#$aДве арии Марфы$eиз оперы "Царская невеста", д. 2, 4$fН. Римский-Корсаков
_150000$aЦарская невеста$iДве арии Марфы, д. 2, 4$bЗвукозапись$lопера$rоркестр$rсопрано
_tДве арии Марфы
464 0 _12001#$aКолыбельная Марии$eиз оперы "Мазепа", д. 3$fП. Чайковский
_150000$aМазепа$iКолыбельная Марии, д. 3$bЗвукозапись$lопера$rоркестр$rсопрано
_tКолыбельная Марии
464 0 _12001#$aАриозо Кумы$eиз оперы "Чародейка", д. 4$fП. Чайковский
_150000$aЧародейка$iАриозо Кумы, д. 4$bЗвукозапись$lопера$rоркестр$rсопрано
_tАриозо Кумы
464 0 _12001#$aАриозо Наташи$eиз оперы "Опричник", д. 1$fП. Чайковский
_150000$aОпричник$iАриозо Наташи, д. 1$bЗвукозапись$lопера$rоркестр$rсопрано
_1700#1$9z01790$aЧайковский$bП. И.$gПетр Ильич$f1840-1893$4230$7ca
_1790#1$9z01700$aČajkovskij$bP. I.$gPetr Il`ič$f1840-1893$4230$7ba
_tАриозо Наташи
_aЧайковский, Петр Ильич (1840-1893)
464 0 _12001#$aАриозо Иоланты$eиз оперы "Иоланта"$fП. Чайковский
_150000$aИоланта$iАриозо Иоланты$bЗвукозапись$lопера$rоркестр$rсопрано
_tАриозо Иоланты
464 0 _12001#$aДва ариозо Лизы$eиз оперы "Пиковая дама", д. 1, 3$fП. Чайковский
_150000$aПиковая дама$iДва ариозо Лизы, д. 1, 3$bЗвукозапись$lопера$rоркестр$rсопрано
_tДва ариозо Лизы
464 0 _12001#$aАрия Иоанны$eиз оперы "Орлеанская дева", д. 1$fП. Чайковский$gсопровождает : Оркестр Большого театра СССР, дирижёры Б. Хайкин (1-5, 7), А. Мелик-Пашаев (6)
_150000$aОрлеанская дева$iАрия Иоанны, д. 1$bЗвукозапись$lопера$rоркестр$rсопрано
_tАрия Иоанны
606 1 _aСопрано советские российские
_z19-20 вв.
_jЗвукозапись
_2nlr_sh
606 1 _aАрии из опер для сопрано
_jЗвукозапись
_2nlr_sh
606 1 _aДирижёры советские российские
_z20-21 вв.
_jЗвукозапись
_2nlr_sh
606 1 _aСимфонические оркестры советские российские
_z19-20 вв.
_jЗвукозапись
_2nlr_sh
606 1 _aАрии из опер русских композиторов для сопрано
_z19 век
_jЗвукозапись
_2nlr_sh
686 0 _aЩ943.1, 8(2)
686 0 _aЩ943.1-071я43(28)
700 1 _9z04790
_aВишневская
_bГ. П.
_cсопрано
_f1926-2012
_gГалина Павловна
_4590
_4vso
_7ca
702 1 _9z05790
_aМелик-Пашаев
_bА. Ш.
_f1905-1964
_gАлександр Шамильевич
_4250
702 1 _9z06790
_aХайкин
_bБ.Э.
_cдирижер
_f1904-1978
_gБорис Эммануилович
_4250
_7ca
712 0 2 _aОркестр Большого театра СССР
_4570
_7ca
790 1 _9z04700
_aVišnevskaja
_bG.
_f1926-2012
_gGalina
_4590
_4vso
_7ba
790 1 _9z05702
_aMelik-Pašaev
_bA.
_f1905-1964
_gAlexander
_4250
_7ba
790 1 _9z06702
_aChajkin
_bB.
_f1904-1978
_gBoris
_4250
_7ba
801 0 _aRU
_bNLR
_c20220411
_gPSBO
801 1 _aRU
_bNLR
_c20220411
_2rusmarc
801 2 _aRU
_bNLR
_c20220412
852 _aNLR
_bМг
_j3/546
_p1738
_t1
942 _cREC
980 _aNB
980 _aONIZ